000
00195 a2200109 4500
020
_a
9788401375415
041
_a
spa
100
_a
Isabel Allende
245
_a
Paula
942
_c
BK
952
_7
4
999
_c
21305
_d
21305